000 00511nam a2200181Ia 4500
008 100917s9999 xx 000 0 und d
082 _b37198
100 _aदेशपांडे म. श्री.
245 _aजीवनगंगा
260 _bसुविचार प्रकाशन
_c1966
300 _a155
365 _b5
520 _aचरित्र
630 _aजीवनगंगा
650 _aचरित्र
730 _aजीवनगंगा
942 _cBOOK
999 _c642592
_d642589